Statistics for Louis Tomlinson - Saturdays (all lyrics)

Click here to take the quiz!

General Stats

  • This quiz has been taken 86 times
  • The average score is 250 of 314

Answer Stats

Answer% Correct
I
100%
to
98%
A
96%
a
96%
“Saturdays
96%
pain
94%
take
94%
the
94%
The
94%
you
94%
away”
92%
used
92%
we
92%
We
92%
be
90%
I’m
90%
No
90%
say
90%
always
88%
When
88%
do
85%
on
85%
Some
85%
for
83%
not
83%
Not
83%
that
83%
things
83%
your
83%
change
81%
My
81%
my
81%
time
81%
you’re
81%
And
79%
But
79%
first
79%
how
79%
How
79%
it
79%
It
79%
last
79%
Silver
79%
what
77%
wore
77%
been
75%
dirty
75%
Feelin’
75%
I’ve
75%
same
75%
supposed
75%
three
75%
trainers
75%
at
73%
At
73%
door
73%
In
73%
in
73%
matter
73%
out
73%
stays
73%
Street
73%
want
73%
about
71%
got
71%
much
71%
Nobody
71%
ones
71%
thinking
71%
walked
71%
‘bout
69%
quarter
69%
wonderin’
69%
cheap
67%
floor
67%
Somebody’s
67%
up
67%
gazin’
63%
heart
63%
broken
60%
haze
60%
won’t
60%
across
58%
days
58%
down
58%
face
58%
Hidden
58%
me
58%
might
58%
Try
58%
way
58%
countin’
56%
here
56%
anymore
54%
cigarette
52%
of
52%
catches
50%
light
50%
Through
50%
ignore
48%
starin’
46%
shadow
44%
crowd
42%
gives
42%
mirror
42%
Somethin’
42%
brain
40%
sticks
40%
carpet
38%
shade
35%

Score Distribution

Percentile by Number Answered

Percent of People with Each Score

Your Score History

You have not taken this quiz